000 00276nam a22001217a 4500
008 170830b xxu||||| |||| 00| 0 eng d
041 _aeng
080 _a070
100 _a40
101 _aMED
245 _aHOW TOMAKE SPEECHES FOR ALL OCCASIONS
_cZELKO,H,P
942 _2udc
_cBK
999 _c25603
_d25603